| Поле | Инд. | ПП | Название | Значение |
|---|---|---|---|---|
| Тип записи | a | |||
| Библиографический уровень | m | |||
| 001 | Контрольный номер | RU/IS/BASE/435575868 | ||
| 005 | Дата корректировки | 20140703211422.6 | ||
| 040 | a | Служба первич. каталог. | НБ ТвГУ | |
| b | Код языка каталог. | rus | ||
| e | Правила каталог. | PSBO | ||
| 041 | 0_ | a | Код языка текста | rus |
| 080 | a | Индекс УДК | 811.161.1'367(043.3) | |
| 080 | a | Индекс УДК | 821.161.1.09(043.3) | |
| 084 | a | Индекс другой классификации/Индекс ББК | Ш141.12-3я031 | |
| 084 | a | Индекс другой классификации/Индекс ББК | Ш09я031 | |
| 090 | a | Полочн. индекс | Ш141.12 | |
| x | Авторский знак | С 90 | ||
| 100 | 1_ | a | Автор | Суслова Евгения Валерьевна |
| q | Полное имя | Суслова Е. В. | ||
| 245 | 10 | a | Заглавие | Рефлексивность в языке современной русской поэзии (субъективация и тавтологизация) |
| b | Продолж. заглавия | автореф. дис. ... к.ф.н. : 10.02.01 | ||
| c | Ответственность | ФГБОУ ВПО "С.-Петерб. гос. ун-т", Филол. фак., Каф. рус. яз. | ||
| 260 | a | Место издания | Санкт-Петербург | |
| c | Дата издания | 2013 | ||
| 300 | a | Объем | 26 с. | |
| b | Иллюстрации/ тип воспроизводства | ил. | ||
| 500 | a | Примечание | На правах рукоп. | |
| 504 | a | Библиография | Библиогр.: с. 25-26 (16 назв.) | |
| 653 | a | Ключевые слова | Авторефераты | |
| a | Ключевые слова | История русской литературы | ||
| a | Ключевые слова | Лексикология | ||
| a | Ключевые слова | Литература | ||
| a | Ключевые слова | Поэзия | ||
| a | Ключевые слова | Русская литература | ||
| a | Ключевые слова | Русская поэзия | ||
| a | Ключевые слова | Русский язык | ||
| a | Ключевые слова | Субъективация | ||
| a | Ключевые слова | Тавтологизация | ||
| a | Ключевые слова | Текстология | ||
| a | Ключевые слова | Язык русской поэзии | ||
| a | Ключевые слова | Языкознание | ||
| 901 | t | Тип документа | m | |
| 920 | a | Оператор | Семен | |
| a | Оператор | Рунт | ||
| a | Оператор | Густ | ||
| a | Оператор | Стро | ||
| 930 | a | Новая/Ретро | авторефераты | |
| 952 | c | Вид литературы | А/Р н | |
| 954 | a | Дата поступления на обработку | 20131024 | |
| c | Дата окончания ОНО | 20131111 | ||
| b | Дата поступления в ОК | 20131021 |